|
|
|
|
| LEADER |
00000nam0a2200000 4500 |
| 001 |
257978 |
| 005 |
20231101233243.0 |
| 035 |
|
|
|a (RuTPU)RU\TPU\book\280808
|
| 090 |
|
|
|a 257978
|
| 100 |
|
|
|a 20140422d1987 k y0rusy50 ca
|
| 101 |
0 |
|
|a rus
|
| 102 |
|
|
|a UA
|
| 105 |
|
|
|a a z 001zy
|
| 200 |
1 |
|
|a Теоретические и прикладные исследования в области системных измерений
|e сборник научных трудов
|f Всесоюзный научно-исследовательский институт метрологии измерительных и управляющих систем (ВНИИМИУС) ; под ред. А. Д. Пинчевского
|
| 210 |
|
|
|a Львов
|c Изд-во ВНИИМИУС
|d 1987
|
| 215 |
|
|
|a 92 с.
|c ил.
|
| 320 |
|
|
|a Библиогр. в конце ст.
|
| 606 |
1 |
|
|a Физические измерения
|2 stltpush
|3 (RuTPU)RU\TPU\subj\63833
|9 80767
|
| 610 |
1 |
|
|a теоретические исследования
|
| 610 |
1 |
|
|a прикладные исследования
|
| 610 |
1 |
|
|a системные измерения
|
| 610 |
1 |
|
|a физические поля
|
| 610 |
1 |
|
|a погрешности измерения
|
| 675 |
|
|
|a 53.08
|v 3
|
| 702 |
|
1 |
|a Пинчевский
|b А. Д.
|4 340
|
| 712 |
0 |
2 |
|a Всесоюзный научно-исследовательский институт метрологии измерительных и управляющих систем (ВНИИМИУС)
|c (Львов)
|2 stltpush
|3 (RuTPU)RU\TPU\col\13848
|
| 801 |
|
1 |
|a RU
|b 63413507
|c 20140422
|
| 801 |
|
2 |
|a RU
|b 63413507
|c 20141119
|g RCR
|
| 942 |
|
|
|c BK
|